000 00720nam a2200241 a 4500
001 1235
003 BR-CuiBMT
005 20231204235617.0
008 231201s2012 mtba 001 0 por d
040 _aBR-CuiBMT
_cBR-CuiBMT
080 _22007
_a82-94
_x(817.2)
090 _a82-94(817.2)
_bM539r
100 1 _aMendonça, Rubens de,
_d1915-1983
245 1 0 _aRuas de Cuiabá /
_cRubens de Mendonça.
260 _aCuiabá :
_bSEC-MT;
_bIntegrar;
_bDefanti,
_c2012.
300 _a154 p. ;
_c21 cm
490 1 _aColeção memórias históricas
500 _aInclui índice.
650 _aCrônicas mato-grossenses
650 _aMemórias históricas
_zMato Grosso
830 0 _aMemórias históricas
942 _2udc
_cLV
999 _c1235
_d1235